The teleport phenomenon

محفوظ في:
التفاصيل البيبلوغرافية
المؤلف الرئيسي: O´Neill, Judith
مؤلف مشترك: Seminario nuevas tecnologías y servicios en telecomunicaciones
التنسيق: وقائع المؤتمر كتاب
اللغة:Spanish
منشور في: San José, Costa Rica: Instituto Costarricense de Electricidad 1988
الوسوم: إضافة وسم
لا توجد وسوم, كن أول من يضع وسما على هذه التسجيلة!

MARC

LEADER 00000nam a2200000Ia 4500
003 003311
005 20221231143948.0
008 140114s1988 cr a 000 ||spa d
040 |c cru CEDI 
082 |a 621.382 O58t 
100 |a O´Neill, Judith  |9 21656 
245 |a The teleport phenomenon  
260 |a San José, Costa Rica: Instituto Costarricense de Electricidad  |c 1988 
300 |a 20 páginas  
711 |9 21655  |a Seminario nuevas tecnologías y servicios en telecomunicaciones   |c San José, Costa Rica   |d 25,26 y 27 de mayo, 1988  
942 |2 ddc  |c BK 
999 |c 14869  |d 14869